Schaum's outline of theory and problems of general topology /

Guardado en:
Autor Principal: Lipschutz, Seymour.
Formato: Libro
Idioma:English
Publicado: New York : Schaum, c1965.
Series:Schaum's outline series
Etiquetas: Agregar Etiqueta
Sin Etiquetas, Sea el primero en etiquetar este registro!
LEADER 00628nam a22001815a 4500
001 MAT.inmabb005057
008 080826s1965####nyu###########001#0#eng#d
005 20130219180000.0
245 1 0 |a Schaum's outline of theory and problems of general topology /  |c by Seymour Lipschutz. 
260 |a New York :  |b Schaum,  |c c1965. 
300 |a 239 p. ;  |c 28 cm. 
440 0 |a Schaum's outline series 
500 |a "Including 650 solved problems"--Cubierta. 
100 1 |a Lipschutz, Seymour. 
246 3 8 |a General topology 
246 3 4 |a Theory and problems of general topology 
084 |a 54-01 (00A07)  |2 msc2000 
859 |h 54  |i L767  |p A-2576  |b BIB. MATEMATICA